| Tag |
First Indicator |
Second Indicator |
Subfields |
| LEADER |
00000cam a2200000 a 4500 |
| 001 |
in00001328708 |
| 005 |
20151005084155.0 |
| 008 |
961204s1984 txua c 000 0 eng d |
| 035 |
|
|
|a (OCoLC)36033759
|
| 035 |
|
|
|9 AHD8375AM
|
| 040 |
|
|
|a TXA
|c TXA
|d UtOrBLW
|
| 049 |
|
|
|a TXAM
|
| 090 |
|
|
|a N4396
|b .C8 1984
|
| 245 |
0 |
4 |
|a The Cultural Arts Council of Plano, Texas presents a fantasy art group show :
|b a weird, wild, witty whimsical and wonderful touring exhibition of paintings, sculpture and drawings by a capricious collection of imaginative illusionists.
|
| 246 |
1 |
4 |
|a Fantasy art group show
|
| 264 |
|
1 |
|a [Plano, Tex.] :
|b [The Council],
|c [1984]
|
| 300 |
|
|
|a 16 pages :
|b illustrations ;
|c 23 cm.
|
| 336 |
|
|
|a text
|b txt
|2 rdacontent
|
| 337 |
|
|
|a unmediated
|b n
|2 rdamedia
|
| 338 |
|
|
|a volume
|b nc
|2 rdacarrier
|
| 500 |
|
|
|a "Plano Cultural Arts Center, 1076 Collin Creek Mall, Plano, Texas, September 8-October 18, 1984."
|
| 650 |
|
0 |
|a Fantasy in art
|v Exhibitions.
|
| 710 |
2 |
|
|a Cultural Arts Council of Plano (Tex.)
|
| 999 |
|
|
|a MARS
|
| 999 |
f |
f |
|s 72819fb9-2dff-39ad-b47c-36eaaef2cfda
|i 9385b87f-6212-329e-a70f-f960b5d81187
|t 0
|
| 952 |
f |
f |
|p noncirc
|a Texas A&M University
|b College Station
|c Cushing Memorial Library & Archives
|d Cushing: Science Fiction (Does not check out)
|t 0
|e N4396 .C8 1984
|f Vertical File
|h Library of Congress classification
|i unmediated -- volume
|
| 998 |
f |
f |
|a N4396 .C8 1984
|t 0
|l Cushing: Science Fiction (Does not check out)
|